Česká ekonomika v první polovině příštího století a její místo v Evropě (pokus o aplikaci a rozšíření Jánossyho teorie hospodářských zázraků)
Miesto Československa v Európe. Dôsledky krízy, nacistickej okupácie, vojny a komunistickej nadvlády. Jánossyho teória a hospodársky zázrak ako obnova a návrat na trendovú líniu. Predpoklady návratu na trendovú líniu v postkomunistických krajinách. Niektoré obsahové megatrendy vývoja pre budúce desa...
Guardado en:
| Autor principal: | |
|---|---|
| Formato: | Capítulo de libro |
| Lenguaje: | checo |
| Materias: | |
| Etiquetas: |
Sin Etiquetas, Sea el primero en etiquetar este registro!
|
MARC
| LEADER | 00000naa a2200000 4500 | ||
|---|---|---|---|
| 001 | r033682 | ||
| 005 | 20230912091859.0 | ||
| 041 | 0 | |a cze | |
| 044 | |a CZ | ||
| 245 | 1 | 0 | |a Česká ekonomika v první polovině příštího století a její místo v Evropě (pokus o aplikaci a rozšíření Jánossyho teorie hospodářských zázraků) |c Jiří Sláma |
| 520 | |a Miesto Československa v Európe. Dôsledky krízy, nacistickej okupácie, vojny a komunistickej nadvlády. Jánossyho teória a hospodársky zázrak ako obnova a návrat na trendovú líniu. Predpoklady návratu na trendovú líniu v postkomunistických krajinách. Niektoré obsahové megatrendy vývoja pre budúce desaťročie. | ||
| 610 | 2 | 0 | |a vývoj hospodársky |
| 610 | 2 | 0 | |a produkt domáci hrubý |
| 610 | 2 | 0 | |a rast hospodársky |
| 610 | 2 | 0 | |a teórie ekonomické |
| 610 | 2 | 0 | |a hospodárstvo trhové |
| 610 | 2 | 0 | |a transformácia |
| 610 | 2 | 0 | |a megatrendy |
| 610 | 2 | 0 | |a Česko |
| 610 | 2 | 0 | |a Slovensko |
| 610 | 2 | 0 | |a SVE |
| 610 | 2 | 0 | |a Európa |
| 100 | 1 | |a Sláma, Jiří | |